000 00899nam a22003017a 4500
003 CHAP
005 20220329133504.0
008 971013s1983 r 00010 d
010 _a6971
011 _a7943
035 _a7168
040 _cCHAP
090 _aFolleto 10285 (1983) v.8
110 _aInternational Board for Plant Genetic Resources
_959561
245 _aReport of a working group on Prunus
260 _aRome :
_bThe Board,
_c1983
300 _a20 p
590 _aBATCH-UPD
_b10
_c20130110
_lUCH01
_h1903
590 _aBATCH-UPD
_b10
_c20130410
_lUCH01
_h1231
590 _aBATCH-UPD
_b10
_c20130914
_lUCH01
_h1541
590 _aCONVERSION
_b10
_c20130109
_lUCH01
_h1305
650 1 4 _aGermoplasma.
_947766
650 1 4 _aPrunus.
_992542
650 1 4 _aRecursos genéticos.
_995078
901 _aBK
942 _cFOLL
949 _aFolleto 10285 (1983) v.8
_bBC
_cFOLL
_d-16983
_eTS1
_i7168
_si
999 _c6971
_d6971